FIFA Members - Sudden Death - Statistics

General Stats
  • This quiz has been taken 2,116 times
  • The average score is 6 of 15
Answers on the Grid
Answers color-coded by a green-red scale on the quiz's grid according to % correct below.
American Samoa
Anguilla
Catalonia
Chinese Taipei
Cook Islands
Curaçao
East Germany
European Union
Faroe Islands
Federated States of Micronesia
Gibraltar
Guam
Kurdistan
Macau
Marshall Islands
Monaco
New Caledonia
Niue
Palau
Palestine
Réunion
San Marino
Scotland
Sealand
Tibet
Turks and Caicos Islands
U.S. Virgin Islands
United Kingdom
Vatican City
Zanzibar
 
Answer Stats
Answer % Correct
Faroe Islands
54%
Gibraltar
53%
Scotland
52%
Curaçao
49%
San Marino
49%
American Samoa
48%
Chinese Taipei
38%
Anguilla
35%
Palestine
32%
Cook Islands
31%
Guam
27%
New Caledonia
26%
U.S. Virgin Islands
24%
Macau
21%
Turks and Caicos Islands
19%
No matching quizzes found
Score Distribution
Percent of People with Each Score
Percentile by Number Answered
Your Score History
You have not taken this quiz